Normal view
MARC view
Entry Personal Name
001 - CONTROL NUMBER
- control field: 1097
003 - CONTROL NUMBER IDENTIFIER
- control field: BD-RjUL
005 - DATE AND TIME OF LATEST TRANSACTION
- control field: 20220203091723.0
008 - FIXED-LENGTH DATA ELEMENTS
- fixed length control field: 220203|| aca||aabn | a|a d
040 ## - CATALOGING SOURCE
- Original cataloging agency: BD-RjUL
- Transcribing agency: BD-RjUL
100 ## - HEADING--PERSONAL NAME
- Personal name: Al-Arian, Saeed ;; العريان، سعيد
670 ## - SOURCE DATA FOUND
- Source citation: Work cat.: (BD-RjUL)79313: Shakir, Amin ;; شاكر، امين 1090, جنوب افريقيا ;; :janub afriqia :, [١٩٥٤].